Geldanlage für Faule

Na minha lista:
Detalhes bibliográficos
Autor principal: Gross, Sina
Formato: Livro
Idioma:alemão
Publicado em: Berlin Stiftung Warentest 2013
Edição:3. aktual. Aufl.
Colecção:Finanztest
Assuntos:
Tags: Adicionar Tag
Sem tags, seja o primeiro a adicionar uma tag!

MARC

LEADER 00000nam a2200000 4500
001 0176871
005 20231215114649.9
020 |a 978-3-86851-352-3 
041 0 |a ger 
044 |a DE 
245 1 0 |a Geldanlage für Faule  |c Sina Gross 
250 |a 3. aktual. Aufl. 
264 1 |a Berlin  |b Stiftung Warentest  |c 2013 
300 |a 159 s. 
490 1 |a Finanztest 
830 0 |a Finanztest 
610 2 0 |a inštitúcie finančné 
610 2 0 |a banky 
610 2 0 |a produkty 
610 2 0 |a služby finančné 
610 2 0 |a služby obyvateľstvu 
610 2 0 |a úspory finančné 
610 2 0 |a investovanie 
610 2 0 |a vklady 
610 2 0 |a peniaze 
610 2 0 |a poradenstvo finančné 
100 1 |a Gross, Sina